000 00216nam a2200097Ia 4500
005 20251222114416.0
008 251222s1900||||xx |||||||||||||| ||spa||
082 _aDVD0070/K96/1952
245 0 _aVivir:Ikiru
942 _cDVD
999 _c2249
_d2249